Leaders of Russia 1500-Present - Statistics

General Stats
  • This quiz has been taken 142 times
  • The average score is 18 of 37
Answer Stats
Time of Rule Answer % Correct
1924-1953 Joseph Stalin
90%
1999-2008 Vladimir Putin
90%
2012-Present Vladimir Putin
90%
1922-1924 Vladimir Lenin
88%
1894-1917 Nicholas II
81%
1985-1991 Mikhail Gorbachev
80%
1991-1999 Boris Yeltsin
77%
1964-1982 Leonid Brezhnev
71%
1696-1725 Peter I
67%
1727-1730 Peter II
66%
2008-2012 Dmitriy Medvedev
63%
1801-1825 Alexander I
62%
1855-1881 Alexander II
62%
1762-1762 Peter III
61%
1725-1727 Catherine I
60%
1953-1964 Nikita Khrushchev
55%
1762-1796 Catherine II
54%
1881-1894 Alexander III
53%
1825-1855 Nicholas I
53%
1982-1984 Yuri Andropov
51%
1530-1584 Ivan IV
50%
1682-1696 Ivan V
47%
1984-1985 Konstantin Chernenko
42%
1740-1741 Ivan VI
40%
1796-1801 Paul I
36%
1730-1740 Anna
31%
1741-1762 Elizabeth
30%
1598-1605 Boris Godunov
21%
1645-1676 Alexis
18%
1584-1598 Feodor I
17%
1605-1605 Feodor II
16%
1676-1682 Feodor III
12%
1605-1606 Dimitry I
7%
1606-1610 Vasily IV
5%
1610-1612 Vladislav
5%
1613-1645 Micheal
4%
1825-1825 Constantine Pavlovich
0%
No matching quizzes found
Score Distribution
Percent of People with Each Score
Percentile by Number Answered
Your Score History
You have not taken this quiz